000 00666nam a2200229Ia 4500
003 OSt
005 20221005121117.0
006 a|||||r|||| 00| 0
007 ta
008 221004b |||||||| |||| 00| 0 eng d
024 _a59697
037 _cTextual
040 _aCRL
_cCRL
_beng
041 _2eng
_aeng
082 _aVxL94:9, J2
100 _aMomigliano Arnaldo
_9391656
245 0 _aGeorge Grote and the study of Greek history
_b An inaugural lecture delivered at university college,London, 19 February 1952.
260 _c1952
650 _aHISTORY
942 _hVxL94:9, J2
_cTEXL
_2cc
999 _c1040122
_d1040122